| 000 | 00617nam a22001937a 4500 | ||
|---|---|---|---|
| 003 | DO-SdBNP | ||
| 005 | 20211004115318.0 | ||
| 007 | ta | ||
| 008 | 211004b 1967 dr 00| 0 eng d | ||
| 040 |
_aDO-SdBNP _bspa _cBNPHU |
||
| 082 | 4 |
_aBNPHU _bA185q |
|
| 100 | 1 |
_944325 _aAcosta Corcino, J. F |
|
| 245 | 1 | 3 |
_aLo que el hombre hereda : _bfunción y objeto individual como ser de vida / _cJ. F. Acosta Corcino |
| 260 |
_aSanto Domingo : _bArte y Cine ; _c1967. |
||
| 300 |
_a93 p. ; _c23 cm. |
||
| 590 | _aInventariado, 2021/BT | ||
| 590 | _aPerteneció a la biblioteca personal de la familia Reyes Duluc. | ||
| 942 |
_2ddc _cLBS1 |
||
| 999 |
_c50691 _d50691 |
||